000 00703nam a2200205 i 4500
001 119087
003 ES-MaACL
005 20250804062616.0
007 t|
008 070214s1901 sp |||| | spa d
100 1 _aPérez Galdós, Benito,
_d1843-1920
_990871
245 1 0 _aElectra
_b: drama en cinco actos /
_cBenito Pérez Galdós.
260 _aMadrid :
_b[s.n.],
_c1901.
300 _a281 p. ;
_c18 cm.
530 _aDisponible en formato digital.
594 _a"Representóse en el Teatro Español la noche del 30 de enero de 1901"
852 _aES-MaACL
_jD-1879
856 _uhttp://bdh-rd.bne.es/viewer.vm?id=0000252117&page=1
_zBiblioteca Digital Hispánica
999 _c119087
_d119087